LaLiga Nationalities 2022 - Statistics

General Stats
  • This quiz has been taken 275 times
  • The average score is 37 of 59
Answer Stats
# of players Nationality % Correct
449 Spain
100%
25 France
98%
12 Portugal
97%
3 Germany
94%
37 Argentina
93%
22 Brazil
93%
5 United States
87%
1 Italy
86%
17 Uruguay
84%
7 Mexico
82%
9 Colombia
81%
2 Russia
81%
7 Morocco
80%
5 Belgium
79%
3 Chile
79%
2 Japan
79%
7 Netherlands
79%
4 Sweden
75%
5 Croatia
74%
1 Norway
74%
1 China
71%
8 Senegal
71%
12 Serbia
71%
5 Denmark
70%
2 Austria
69%
2 Venezuela
69%
1 Algeria
68%
1 Australia
68%
2 Paraguay
66%
1 South Korea
66%
3 Peru
65%
1 Slovenia
64%
2 Turkey
64%
1 Nigeria
63%
2 Slovakia
63%
1 Ecuador
62%
1 Switzerland
62%
2 Romania
58%
2 Cameroon
55%
3 Ghana
55%
4 Albania
52%
5 Montenegro
51%
1 Wales
50%
4 Cote d'Ivoire
48%
1 Czech Republic
48%
1 Kosovo
46%
2 North Macedonia
46%
2 Dominican Republic
42%
1 Honduras
41%
1 Guinea
40%
1 Gabon
38%
1 Togo
36%
1 Angola
32%
1 Georgia
31%
1 Armenia
29%
1 Mozambique
29%
1 Central African Republic
27%
3 Equatorial Guinea
24%
1 Martinique
4%
No matching quizzes found
Score Distribution
Percent of People with Each Score
Percentile by Number Answered
Your Score History
You have not taken this quiz